[Event "Manchester Int"]
[Site "Manchester"]
[Date "1997.08.28"]
[Round "4"]
[White "Smith, Alan A"]
[Black "Beckett, Chris"]
[Result "1/2-1/2"]
[WhiteElo "2225"]
[BlackElo "2110"]
[PlyCount "43"]
[EventDate "1997.08.25"]
[EventType "swiss"]
[EventRounds "9"]
[EventCountry "ENG"]
[SourceTitle "BritBase"]
[Source "britbase.info"]
[SourceDate "2021.07.30"]
[SourceVersion "1"]
[SourceVersionDate "2021.07.30"]
[SourceQuality "1"]

1. c4 e5 2. Nc3 Nc6 3. Nf3 f5 4. d4 e4 5. Bg5 Be7 6. Bxe7 Ncxe7 7. Nd2 Nf6 8.
e3 O-O 9. Be2 d6 10. O-O c6 11. Rc1 Qe8 12. f3 Qg6 13. f4 Be6 14. Qb3 Rab8 15.
Qa3 Nc8 16. d5 cxd5 17. cxd5 Nxd5 18. Nxd5 Bxd5 19. Rc7 Kh8 20. Rfc1 Qf6 21.
Bc4 Bc6 22. Nb3 1/2-1/2

[Event "Manchester Int"]
[Site "Manchester"]
[Date "1997.08.29"]
[Round "5"]
[White "Beckett, Chris"]
[Black "Barua, Dibyendu"]
[Result "0-1"]
[WhiteElo "2110"]
[BlackElo "2515"]
[PlyCount "84"]
[EventDate "1997.08.25"]
[EventType "swiss"]
[EventRounds "9"]
[EventCountry "ENG"]
[SourceTitle "BritBase"]
[Source "britbase.info"]
[SourceDate "2021.07.30"]
[SourceVersion "1"]
[SourceVersionDate "2021.07.30"]
[SourceQuality "1"]

1. d4 f5 2. Bg5 h6 3. Bh4 c6 4. e3 g6 5. Bd3 d6 6. g4 g5 7. Bg3 Nf6 8. gxf5
Bxf5 9. e4 Qa5+ 10. b4 Qxb4+ 11. c3 Qb2 12. exf5 Qxa1 13. Qb3 Nbd7 14. Ne2 a5
15. O-O a4 16. Qa3 d5 17. Nd2 e5 18. Qxf8+ Rxf8 19. Rxa1 e4 20. Bc2 Nh5 21. f3
exf3 22. Nxf3 O-O-O 23. Bd6 Rfe8 24. Ne5 Ndf6 25. Bc5 Kc7 26. Rb1 b5 27. Ng3
Nf4 28. Bxa4 Ra8 29. Bb3 h5 30. Nf7 h4 31. Bd6+ Kd7 32. Bxf4 gxf4 33. Ne5+ Kd6
34. Ne2 Rg8+ 35. Ng6 f3 36. Nef4 Ne4 37. Rf1 Raf8 38. Kh1 Rxf5 39. Bd1 f2 40.
Bg4 Rxf4 41. Nxf4 Rxg4 42. Nd3 Nxc3 0-1

[Event "Manchester Int"]
[Site "Manchester"]
[Date "1997.08.29"]
[Round "5"]
[White "Dhar Barua, Saheli"]
[Black "Norris, Alan"]
[Result "1/2-1/2"]
[WhiteElo "2235"]
[BlackElo "2285"]
[PlyCount "55"]
[EventDate "1997.08.25"]
[EventType "swiss"]
[EventRounds "9"]
[EventCountry "ENG"]
[SourceTitle "BritBase"]
[Source "britbase.info"]
[SourceDate "2021.07.30"]
[SourceVersion "1"]
[SourceVersionDate "2021.07.30"]
[SourceQuality "1"]

1. e4 e6 2. d4 d5 3. Nd2 Nf6 4. e5 Nfd7 5. Bd3 c5 6. c3 Nc6 7. Ne2 cxd4 8. cxd4
f6 9. exf6 Qxf6 10. Nf3 h6 11. O-O Bd6 12. Bc2 O-O 13. Qd3 Rd8 14. Qh7+ Kf7 15.
a3 Nf8 16. Qd3 Kg8 17. Ng3 Bd7 18. Re1 Be8 19. Qe3 Rac8 20. Bd2 Bg6 21. Bxg6
Qxg6 22. Rac1 a6 23. Ne2 Qf6 24. Nf4 Bxf4 25. Qxf4 Qxf4 26. Bxf4 Ng6 27. Bd2
Nf8 28. Re2 1/2-1/2

[Event "Manchester Int"]
[Site "Manchester"]
[Date "1997.08.29"]
[Round "5"]
[White "McKenna, Jason P"]
[Black "Brooke, John"]
[Result "1-0"]
[WhiteElo "2120"]
[BlackElo "2175"]
[PlyCount "41"]
[EventDate "1997.08.25"]
[EventType "swiss"]
[EventRounds "9"]
[EventCountry "ENG"]
[SourceTitle "BritBase"]
[Source "britbase.info"]
[SourceDate "2021.07.30"]
[SourceVersion "1"]
[SourceVersionDate "2021.07.30"]
[SourceQuality "1"]

1. e4 c5 2. Nf3 d6 3. d4 cxd4 4. Nxd4 Nf6 5. Nc3 a6 6. Be3 Ng4 7. Bg5 h6 8. Bh4
g5 9. Bg3 Bg7 10. Qd2 Nc6 11. Nb3 b5 12. f3 Nge5 13. Bf2 Na5 14. Nxa5 Qxa5 15.
Bd4 e6 16. h4 Qb4 17. O-O-O gxh4 18. f4 Nc4 19. Bxc4 Bxd4 20. Qxd4 e5 21. Bxf7+
1-0

[Event "Manchester Int"]
[Site "Manchester"]
[Date "1997.08.29"]
[Round "5"]
[White "Shaw, John Kerr"]
[Black "Njobvu, Ignatius"]
[Result "1-0"]
[WhiteElo "2390"]
[BlackElo "2200"]
[PlyCount "129"]
[EventDate "1997.08.25"]
[EventType "swiss"]
[EventRounds "9"]
[EventCountry "ENG"]
[SourceTitle "BritBase"]
[Source "britbase.info"]
[SourceDate "2021.07.30"]
[SourceVersion "1"]
[SourceVersionDate "2021.07.30"]
[SourceQuality "1"]

1. e4 e6 2. d4 d5 3. e5 c5 4. c3 Qb6 5. Nf3 Nc6 6. Be2 Bd7 7. O-O cxd4 8. cxd4
Nge7 9. Nc3 Ng6 10. Na4 Qc7 11. Be3 Be7 12. Rc1 Rc8 13. a3 O-O 14. b4 Qd8 15.
Nc5 Bxc5 16. Rxc5 b6 17. Rc1 Nce7 18. Rxc8 Qxc8 19. Qb3 Qb7 20. h4 Nf5 21. h5
Nge7 22. Bf4 Nc6 23. Qd3 f6 24. exf6 gxf6 25. Rc1 Rc8 26. Bd1 Be8 27. g4 Qg7
28. Nh2 Rd8 29. Kh1 Nd6 30. Bf3 Nc4 31. Nf1 f5 32. gxf5 Qxd4 33. Qxd4 Nxd4 34.
Nh2 Nxf5 35. Rg1+ Kf8 36. Bg4 Nxa3 37. Bxf5 exf5 38. Bh6+ Kf7 39. Rg7+ Kf6 40.
Rg3 Rd7 41. Rxa3 Bxh5 42. Nf1 d4 43. Nd2 Be2 44. Kg2 Ke5 45. Kg3 Bb5 46. Nf3+
Ke4 47. Nd2+ Ke5 48. f3 a6 49. Ra1 Rf7 50. Re1+ Kd5 51. Kf4 d3 52. Rc1 Rf6 53.
Bg5 Rc6 54. Rh1 Kd4 55. Kxf5 Kc3 56. Rc1+ Kb2 57. Rh1 Kc3 58. Rh4 a5 59. bxa5
bxa5 60. Ne4+ Kb3 61. Rxh7 a4 62. Rb7 Kc4 63. Be7 Ra6 64. Nd2+ Kc3 65. Nb1+ 1-0

[Event "Manchester Int"]
[Site "Manchester"]
[Date "1997.08.30"]
[Round "6"]
[White "Barua, Dibyendu"]
[Black "Gormally, Daniel"]
[Result "1/2-1/2"]
[WhiteElo "2515"]
[BlackElo "2425"]
[PlyCount "96"]
[EventDate "1997.08.25"]
[EventType "swiss"]
[EventRounds "9"]
[EventCountry "ENG"]
[SourceTitle "BritBase"]
[Source "britbase.info"]
[SourceDate "2021.07.30"]
[SourceVersion "1"]
[SourceVersionDate "2021.07.30"]
[SourceQuality "1"]

1. e4 c5 2. Nf3 d6 3. d4 cxd4 4. Nxd4 Nf6 5. Nc3 a6 6. Be2 e5 7. Nf3 Qc7 8. Bg5
Nbd7 9. a4 Be7 10. O-O h6 11. Bxf6 Nxf6 12. Qd3 Be6 13. Nd2 Rc8 14. Rfc1 O-O
15. a5 Rfd8 16. Bf3 Qc5 17. Nb3 Qc4 18. Rd1 Qxd3 19. Rxd3 Rc6 20. Nd2 b5 21.
axb6 Rxb6 22. b3 Rc6 23. Bd1 d5 24. exd5 Nxd5 25. Nxd5 Rxd5 26. Rxd5 Bxd5 27.
Nf1 Bc5 28. Ne3 Be6 29. Bf3 Rd6 30. Bb7 Rd2 31. Rxa6 Kf8 32. Be4 Ke7 33. Kf1 g6
34. Rc6 Bd6 35. Bd3 f5 36. Nc4 Bxc4 37. Rxc4 Rd1+ 38. Ke2 Rg1 39. Rh4 e4 40.
Bxe4 g5 41. Rxh6 fxe4 42. h4 Rxg2 43. hxg5 Bc5 44. Rf6 e3 45. Rf5 Kd6 46. b4
Bd4 47. c3 Ke6 48. Rf4 Be5 1/2-1/2

[Event "Manchester Int"]
[Site "Manchester"]
[Date "1997.08.30"]
[Round "6"]
[White "Beckett, Chris"]
[Black "Shaw, John Kerr"]
[Result "0-1"]
[WhiteElo "2110"]
[BlackElo "2390"]
[PlyCount "94"]
[EventDate "1997.08.25"]
[EventType "swiss"]
[EventRounds "9"]
[EventCountry "ENG"]
[SourceTitle "BritBase"]
[Source "britbase.info"]
[SourceDate "2021.07.30"]
[SourceVersion "1"]
[SourceVersionDate "2021.07.30"]
[SourceQuality "1"]

1. d4 d5 2. Bg5 f6 3. Bf4 c5 4. e3 Nc6 5. Bb5 e6 6. Nf3 Nge7 7. O-O Ng6 8. Bg3
Be7 9. c4 a6 10. Ba4 dxc4 11. Bxc6+ bxc6 12. Qa4 O-O 13. Nc3 Bd7 14. Qxc4 Qa5
15. Rfd1 Ra7 16. dxc5 Qxc5 17. Qxc5 Bxc5 18. Bd6 Bxd6 19. Rxd6 Kf7 20. Rad1 Ke7
21. Ne4 Rb8 22. Nc5 Nf8 23. b3 Rb5 24. Na4 Rd5 25. R6xd5 cxd5 26. Nc5 Bc8 27.
Kf1 Rc7 28. Rc1 a5 29. Nd4 e5 30. Ne2 Kd6 31. Nd3 Rxc1+ 32. Ndxc1 Ne6 33. Ke1
Ba6 34. Kd2 Nc5 35. f3 g5 36. Kc3 h5 37. g3 h4 38. gxh4 gxh4 39. f4 Ne4+ 40.
Kb2 Nf2 41. Ng1 e4 42. Kc3 Ng4 43. Kd2 Nxh2 44. Ke1 Ng4 45. Kd2 Bf1 46. Nge2 h3
47. Ng3 h2 0-1

[Event "Manchester Int"]
[Site "Manchester"]
[Date "1997.08.30"]
[Round "6"]
[White "Brooke, John"]
[Black "Njobvu, Ignatius"]
[Result "0-1"]
[WhiteElo "2175"]
[BlackElo "2200"]
[PlyCount "80"]
[EventDate "1997.08.25"]
[EventType "swiss"]
[EventRounds "9"]
[EventCountry "ENG"]
[SourceTitle "BritBase"]
[Source "britbase.info"]
[SourceDate "2021.07.30"]
[SourceVersion "1"]
[SourceVersionDate "2021.07.30"]
[SourceQuality "1"]

1. d4 Nf6 2. c4 g6 3. Nc3 Bg7 4. e4 d6 5. f3 O-O 6. Be3 Nc6 7. Bd3 e5 8. d5 Ne7
9. Nge2 Ne8 10. Qd2 a6 11. g4 c6 12. h4 cxd5 13. cxd5 b5 14. h5 b4 15. Na4 a5
16. Bh6 Ba6 17. Bxa6 Rxa6 18. Bxg7 Nxg7 19. hxg6 fxg6 20. Qh6 Rxf3 21. Qxh7+
Kf7 22. O-O-O Qc8+ 23. Kb1 Qxg4 24. Rh4 Qg5 25. Rhh1 Qe3 26. Nac3 bxc3 27. Nxc3
Rb6 28. Ka1 Rxb2 29. Rdf1 Rbf2 30. Rxf2 Rxf2 31. Nb5 Qc5 32. Rb1 Rf4 33. Qh3
Rxe4 34. Qd7 Ngf5 35. Rh1 Qxd5 36. Qd8 Qxb5 37. Rh7+ Kf6 38. Qf8+ Kg5 39. Rh5+
gxh5 40. Qxf5+ Nxf5 {Stalemate! - claimed John with a sigh of relief. Igi
responded by pointing to the a-pawn. Not to worry, John, it's happened to all
of us.} 0-1

[Event "Manchester Int"]
[Site "Manchester"]
[Date "1997.08.30"]
[Round "6"]
[White "Dearing, Eddie"]
[Black "Smith, Alan A"]
[Result "1-0"]
[WhiteElo "2210"]
[BlackElo "2225"]
[PlyCount "97"]
[EventDate "1997.08.25"]
[EventType "swiss"]
[EventRounds "9"]
[EventCountry "ENG"]
[SourceTitle "BritBase"]
[Source "britbase.info"]
[SourceDate "2021.07.30"]
[SourceVersion "1"]
[SourceVersionDate "2021.07.30"]
[SourceQuality "1"]

1. d4 b6 2. c4 e6 3. a3 Bb7 4. Nc3 f5 5. d5 Nf6 6. Nf3 Bd6 7. g3 O-O 8. Bg2 a5
9. O-O Na6 10. Rb1 Nc5 11. Nd4 a4 12. Ndb5 e5 13. Be3 Ng4 14. Bxc5 Bxc5 15. h3
f4 16. e3 Nf6 17. Nxa4 fxg3 18. Nxc5 gxf2+ 19. Rxf2 bxc5 20. b4 cxb4 21. axb4
d6 22. e4 Ba6 23. Na3 Bc8 24. Rb3 Bd7 25. Rc3 Qe8 26. c5 Qg6 27. Qe1 Ba4 28.
cxd6 cxd6 29. b5 Rab8 30. Rb2 Nh5 31. Kh2 Nf4 32. Rg3 Qe8 33. Qb4 Bd1 34. Qxd6
Qh5 35. Qe7 Ng6 36. Qg5 Qxg5 37. Rxg5 Rfc8 38. Rg3 Nf4 39. Bf1 Rc1 40. Bc4 h5
41. Rb1 Rxb1 42. Nxb1 Bc2 43. Nd2 h4 44. d6+ Kf8 45. Rg5 g6 46. Rxe5 Rd8 47.
Bd5 Rxd6 48. Nc4 Rf6 49. b6 1-0

[Event "Manchester Int"]
[Site "Manchester"]
[Date "1997.08.31"]
[Round "7"]
[White "Dearing, Eddie"]
[Black "Bosch, Jeroen"]
[Result "0-1"]
[WhiteElo "2210"]
[BlackElo "2405"]
[PlyCount "60"]
[EventDate "1997.08.25"]
[EventType "swiss"]
[EventRounds "9"]
[EventCountry "ENG"]
[SourceTitle "BritBase"]
[Source "britbase.info"]
[SourceDate "2021.07.30"]
[SourceVersion "1"]
[SourceVersionDate "2021.07.30"]
[SourceQuality "1"]

1. d4 Nf6 2. c4 d6 3. Nc3 Bf5 4. Nf3 g6 5. g3 Ne4 6. Nd2 Nxc3 7. bxc3 c5 8. Bg2
Qc7 9. O-O Bg7 10. e4 Bd7 11. Bb2 Nc6 12. Nb3 O-O 13. f4 Na5 14. Nxa5 Qxa5 15.
e5 Rac8 16. Qe2 cxd4 17. cxd4 Qb4 18. Rfc1 Bg4 19. Qxg4 Qxb2 20. Qd1 dxe5 21.
dxe5 Rfd8 22. Qb3 Qd4+ 23. Kh1 b6 24. a4 e6 25. a5 bxa5 26. Rxa5 Rb8 27. Rb5
Rxb5 28. cxb5 Bf8 29. Bf3 Qf2 30. Rd1 Rd2 0-1

[Event "Manchester Int"]
[Site "Manchester"]
[Date "1997.08.31"]
[Round "7"]
[White "Njobvu, Ignatius"]
[Black "Smith, Alan A"]
[Result "1/2-1/2"]
[WhiteElo "2200"]
[BlackElo "2225"]
[PlyCount "88"]
[EventDate "1997.08.25"]
[EventType "swiss"]
[EventRounds "9"]
[EventCountry "ENG"]
[SourceTitle "BritBase"]
[Source "britbase.info"]
[SourceDate "2021.07.30"]
[SourceVersion "1"]
[SourceVersionDate "2021.07.30"]
[SourceQuality "1"]

1. e4 c5 2. Nc3 Nc6 3. g3 g6 4. Bg2 Bg7 5. Nge2 d6 6. d3 e5 7. O-O Nge7 8. Be3
O-O 9. Qd2 Be6 10. Bh6 Qd7 11. Bxg7 Kxg7 12. f4 f5 13. Rae1 Rf7 14. Nd5 fxe4
15. dxe4 Raf8 16. c3 exf4 17. gxf4 Nd8 18. Ng3 Nxd5 19. exd5 Bf5 20. c4 Re8 21.
Nxf5+ gxf5 22. Re3 Rxe3 23. Qxe3 Qe7 24. Qg3+ Kf8 25. Re1 Qf6 26. b3 Re7 27.
Rxe7 Kxe7 28. Qe3+ Kd7 29. h3 b6 30. Kh2 Nf7 31. Qe1 Nh8 32. b4 Ng6 33. Qd1 Qh4
34. Qa4+ Ke7 35. Qxa7+ Kf6 36. Qxb6 Qxf4+ 37. Kh1 cxb4 38. Qxb4 Qc1+ 39. Kh2
Ke5 40. Qb3 Nf4 41. Qg3 Kd4 42. Qg7+ Ke3 43. Qe7+ Kf2 44. Qh4+ Ke3 1/2-1/2

[Event "Manchester Int"]
[Site "Manchester"]
[Date "1997.08.31"]
[Round "7"]
[White "Okosieme, Iozeph"]
[Black "Raoof, Adam"]
[Result "0-1"]
[WhiteElo "2040"]
[BlackElo "2040"]
[PlyCount "172"]
[EventDate "1997.08.25"]
[EventType "swiss"]
[EventRounds "9"]
[EventCountry "ENG"]
[SourceTitle "BritBase"]
[Source "britbase.info"]
[SourceDate "2021.07.30"]
[SourceVersion "1"]
[SourceVersionDate "2021.07.30"]
[SourceQuality "1"]

1. d4 d6 2. Nf3 Bg4 3. e3 Nd7 4. c4 e5 5. Nc3 Ngf6 6. Be2 Be7 7. O-O O-O 8. Qc2
Re8 9. Rd1 exd4 10. exd4 d5 11. c5 Nf8 12. h3 Bh5 13. Bf4 Ne6 14. Bh2 c6 15. b4
Bg6 16. Qb3 Ne4 17. b5 Bf6 18. Rac1 N6xc5 19. Qa3 Nxc3 20. Qxc3 Rxe2 21. Qxc5
Be7 22. Qc3 cxb5 23. Qb3 Rc8 24. Qxb5 Rxa2 25. Qxb7 Rac2 26. Ra1 a5 27. Bf4 Bf5
28. Bd2 Rb8 29. Qa7 Bb4 30. Ne5 Be6 31. Bf4 Ra8 32. Qb7 Qc8 33. Qb5 Rb8 34. Qf1
Rb6 35. Rdb1 h6 36. Qd3 Rc3 37. Qe2 Rb7 38. Rb2 Bf5 39. Qa6 Rb8 40. Qe2 Rb7 41.
g4 Be6 42. Kg2 f6 43. Nd3 Rc4 44. Nc5 Re7 45. Rxa5 Rxd4 46. Qe3 Bxc5 47. Rb8
Qxb8 48. Bxb8 Rxg4+ 49. hxg4 Bxe3 50. fxe3 Bxg4 51. Kf2 Rd7 52. Ba7 Kf7 53. Bd4
Kg6 54. Kg3 Bf5 55. Kh4 Be4 56. Ra6 Rc7 57. Ra1 Kf5 58. Rf1+ Ke6 59. Kg3 Rc2
60. Rf2 Rc1 61. Rh2 Rh1 62. Rxh1 Bxh1 63. Ba7 Kf5 64. Bc5 g5 65. Bd6 h5 66. Kh3
Be4 67. Be7 Bd3 68. Kg2 Kg6 69. Bd8 f5 70. Bc7 h4 71. Bd6 Kh5 72. Be5 Kg4 73.
Bd6 Be4+ 74. Kh2 h3 75. Be5 Bg2 76. Kg1 Kf3 77. Bd4 f4 78. exf4 Kxf4 79. Bc5
Kf3 80. Bb4 g4 81. Be1 d4 82. Kh2 d3 83. Kg1 g3 84. Bxg3 d2 85. Be1 dxe1=Q+ 86.
Kh2 Qh1# 0-1

[Event "Manchester Int"]
[Site "Manchester"]
[Date "1997.08.31"]
[Round "7"]
[White "Roktim, Bandopadha"]
[Black "Gormally, Daniel"]
[Result "1/2-1/2"]
[WhiteElo "2275"]
[BlackElo "2425"]
[PlyCount "51"]
[EventDate "1997.08.25"]
[EventType "swiss"]
[EventRounds "9"]
[EventCountry "ENG"]
[SourceTitle "BritBase"]
[Source "britbase.info"]
[SourceDate "2021.07.30"]
[SourceVersion "1"]
[SourceVersionDate "2021.07.30"]
[SourceQuality "1"]

1. Nf3 d6 2. c4 f5 3. Nc3 Nf6 4. g3 g6 5. Bg2 Bg7 6. O-O O-O 7. d3 e5 8. Rb1 a5
9. a3 Nc6 10. b4 axb4 11. axb4 h6 12. b5 Ne7 13. Bb2 g5 14. Ra1 Rb8 15. Nd2 f4
16. Nde4 Nxe4 17. Nxe4 Bg4 18. Ba3 Qe8 19. b6 cxb6 20. Bxd6 Rc8 21. Ra2 f3 22.
Bxf3 Bxf3 23. exf3 Rf7 24. Bxe7 Qxe7 25. Rb2 Qe6 26. Re1 1/2-1/2

[Event "Manchester Int"]
[Site "Manchester"]
[Date "1997.08.31"]
[Round "7"]
[White "Shaw, John Kerr"]
[Black "Barua, Dibyendu"]
[Result "0-1"]
[WhiteElo "2390"]
[BlackElo "2515"]
[PlyCount "62"]
[EventDate "1997.08.25"]
[EventType "swiss"]
[EventRounds "9"]
[EventCountry "ENG"]
[SourceTitle "BritBase"]
[Source "britbase.info"]
[SourceDate "2021.07.30"]
[SourceVersion "1"]
[SourceVersionDate "2021.07.30"]
[SourceQuality "1"]

1. e4 e6 2. d4 d5 3. e5 c5 4. c3 Nc6 5. Nf3 Qb6 6. Be2 Nh6 7. b3 cxd4 8. cxd4
Nf5 9. Bb2 Bb4+ 10. Kf1 Qd8 11. g3 O-O 12. Kg2 f6 13. Na3 fxe5 14. dxe5 Qc7 15.
Nc2 Bc5 16. Rf1 Bd7 17. Qd2 Be8 18. Bd3 Bg6 19. Rae1 a5 20. Bc3 d4 21. Ba1 Nb4
22. Be4 Rad8 23. Kg1 Ne3 24. Bxg6 hxg6 25. fxe3 dxe3 26. Qe2 Nxc2 27. Qxc2 e2+
28. Kg2 exf1=Q+ 29. Rxf1 Qc6 30. Bc3 Bb4 31. Qxg6 Bxc3 0-1

[Event "Manchester Int"]
[Site "Manchester"]
[Date "1997.09.01"]
[Round "8"]
[White "Beckett, Chris"]
[Black "Dhar Barua, Saheli"]
[Result "1/2-1/2"]
[WhiteElo "2110"]
[BlackElo "2235"]
[PlyCount "46"]
[EventDate "1997.08.25"]
[EventType "swiss"]
[EventRounds "9"]
[EventCountry "ENG"]
[SourceTitle "BritBase"]
[Source "britbase.info"]
[SourceDate "2021.07.30"]
[SourceVersion "1"]
[SourceVersionDate "2021.07.30"]
[SourceQuality "1"]

1. d4 f5 2. g3 Nf6 3. Bg2 g6 4. Nh3 Bg7 5. Nc3 O-O 6. Nf4 d6 7. d5 Qe8 8. h4 h6
9. h5 g5 10. Ng6 Rf7 11. Be3 e5 12. dxe6 Qxe6 13. Qd2 Nc6 14. O-O-O Ne4 15.
Bxe4 fxe4 16. Nd5 Ne5 17. Nxe5 Qxe5 18. Nc3 Be6 19. Bd4 Qxd4 20. Qxd4 Bxd4 21.
Rxd4 Rxf2 22. Rxe4 Rf6 23. Rd1 a6 1/2-1/2

[Event "Manchester Int"]
[Site "Manchester"]
[Date "1997.09.01"]
[Round "8"]
[White "Bosch, Jeroen"]
[Black "Shaw, John Kerr"]
[Result "1-0"]
[WhiteElo "2405"]
[BlackElo "2390"]
[PlyCount "99"]
[EventDate "1997.08.25"]
[EventType "swiss"]
[EventRounds "9"]
[EventCountry "ENG"]
[SourceTitle "BritBase"]
[Source "britbase.info"]
[SourceDate "2021.07.30"]
[SourceVersion "1"]
[SourceVersionDate "2021.07.30"]
[SourceQuality "1"]

1. e4 d6 2. d4 Nf6 3. f3 e5 4. d5 Be7 5. c4 O-O 6. Be3 c6 7. Nc3 cxd5 8. cxd5
a6 9. Bd3 Nbd7 10. Nge2 b5 11. b4 Nb6 12. a4 Nc4 13. Bxc4 bxc4 14. O-O Bd7 15.
Qd2 Qc7 16. Rfb1 Rfb8 17. a5 Rb7 18. Bb6 Qc8 19. Qa2 g6 20. Na4 Bb5 21. Nec3
Nd7 22. Be3 h5 23. Nxb5 axb5 24. Nc3 Nb8 25. Rf1 Na6 26. Qb2 Qd8 27. g3 Bg5 28.
Bb6 Qd7 29. Rae1 Re8 30. Kh1 Kh7 31. Ne2 Bh6 32. Nc3 Rbb8 33. Qb1 Bg7 34. Be3
Bh6 35. f4 exf4 36. gxf4 Bg7 37. Bd2 f5 38. exf5 gxf5 39. Re6 Rxe6 40. Qxf5+
Kg8 41. Qxe6+ Qxe6 42. dxe6 Nxb4 43. f5 Bxc3 44. Bxc3 Na2 45. Rg1+ Kf8 46. Bg7+
Ke7 47. Bd4 c3 48. Rg7+ Kf8 49. e7+ Ke8 50. Rg8+ 1-0

[Event "Manchester Int"]
[Site "Manchester"]
[Date "1997.09.01"]
[Round "8"]
[White "Raoof, Adam"]
[Black "Njobvu, Ignatius"]
[Result "1-0"]
[WhiteElo "2050"]
[BlackElo "2200"]
[PlyCount "149"]
[EventDate "1997.08.25"]
[EventType "swiss"]
[EventRounds "9"]
[EventCountry "ENG"]
[SourceTitle "BritBase"]
[Source "britbase.info"]
[SourceDate "2021.07.30"]
[SourceVersion "1"]
[SourceVersionDate "2021.07.30"]
[SourceQuality "1"]

1. d4 Nf6 2. c4 e6 3. Nc3 d5 4. cxd5 exd5 5. Bg5 Be7 6. e3 c6 7. Bd3 Nbd7 8.
Nf3 Nf8 9. Qc2 Be6 10. Ne5 h6 11. Bh4 Bb4 12. a3 Qa5 13. Rc1 Bxc3+ 14. Qxc3
Qxc3+ 15. Rxc3 g5 16. Bg3 Rg8 17. h3 Ne4 18. Rc2 Nxg3 19. fxg3 f6 20. Ng4 Bxg4
21. hxg4 Rh8 22. O-O Ke7 23. b4 a6 24. a4 Nd7 25. Rb1 Kd6 26. Rf1 Rhf8 27. Rf3
Nb6 28. a5 Nd7 29. Rcf2 Rae8 30. Rf1 Re7 31. Kf2 Rh8 32. Rh1 Rf7 33. Ke2 Ke7
34. Bf5 Nb8 35. Kd3 Rff8 36. Re1 Kf7 37. e4 dxe4+ 38. Rxe4 Re8 39. Rfe3 Rxe4
40. Rxe4 Rd8 41. Kc4 Nd7 42. Kc3 Nf8 43. Re3 Ng6 44. Be6+ Kf8 45. Bc4 Re8 46.
Re6 Re7 47. Rxf6+ Kg7 48. Re6 Rd7 49. Kd3 Nf8 50. Re8 Ng6 51. Ke4 Kf6 52. Re6+
Kg7 53. d5 cxd5+ 54. Bxd5 Ne7 55. Re5 Kf6 56. Re6+ Kg7 57. Bb3 Nc6 58. Ba4 Rd4+
59. Ke3 Rxg4 60. Bxc6 bxc6 61. Kf3 Rxb4 62. Rxc6 Rb3+ 63. Kg4 Rb2 64. Kh3 g4+
65. Kxg4 Rxg2 66. Rxa6 Ra2 67. Ra7+ Kg8 68. Kh5 Ra3 69. Kg4 Ra4+ 70. Kf5 Ra3
71. g4 Ra4 72. a6 Ra5+ 73. Kg6 Rg5+ 74. Kxh6 Rxg4 75. Rb7 1-0

[Event "Manchester Int"]
[Site "Manchester"]
[Date "1997.09.01"]
[Round "8"]
[White "Roktim, Bandopadha"]
[Black "Dearing, Eddie"]
[Result "1/2-1/2"]
[WhiteElo "2275"]
[BlackElo "2210"]
[PlyCount "39"]
[EventDate "1997.08.25"]
[EventType "swiss"]
[EventRounds "9"]
[EventCountry "ENG"]
[SourceTitle "BritBase"]
[Source "britbase.info"]
[SourceDate "2021.07.30"]
[SourceVersion "1"]
[SourceVersionDate "2021.07.30"]
[SourceQuality "1"]

1. d4 Nf6 2. c4 c5 3. e3 cxd4 4. exd4 d5 5. Nf3 e6 6. Nc3 Bb4 7. Bd3 dxc4 8.
Bxc4 O-O 9. O-O a6 10. Re1 b5 11. Bb3 h6 12. Bf4 Bb7 13. Qd3 Nbd7 14. Rad1 Rc8
15. Ne5 Nb6 16. Bxh6 gxh6 17. Qg3+ Kh8 18. Qf4 Kg7 19. Qg3+ Kh8 20. Qf4 1/2-1/2

[Event "Manchester Int"]
[Site "Manchester"]
[Date "1997.09.02"]
[Round "9"]
[White "Dearing, Eddie"]
[Black "Dhar Barua, Saheli"]
[Result "1/2-1/2"]
[WhiteElo "2210"]
[BlackElo "2235"]
[PlyCount "63"]
[EventDate "1997.08.25"]
[EventType "swiss"]
[EventRounds "9"]
[EventCountry "ENG"]
[SourceTitle "BritBase"]
[Source "britbase.info"]
[SourceDate "2021.07.30"]
[SourceVersion "1"]
[SourceVersionDate "2021.07.30"]
[SourceQuality "1"]

1. d4 f5 2. Bg5 c6 3. e3 g6 4. Nf3 Bg7 5. Nbd2 Nf6 6. Bd3 d6 7. Qe2 Qa5 8. O-O
O-O 9. Rab1 Nbd7 10. b4 Qc7 11. c4 e5 12. dxe5 dxe5 13. e4 f4 14. c5 Kh8 15.
Nc4 Ng8 16. Nd6 h6 17. Bc4 hxg5 18. Bxg8 Kxg8 19. Qc4+ Kh8 20. Nf7+ Rxf7 21.
Qxf7 Qd8 22. Qxg6 Bf6 23. Qh6+ Kg8 24. Rfd1 Qf8 25. Qg6+ Qg7 26. Qe8+ Nf8 27.
Nd2 Qf7 28. Qxf7+ Kxf7 29. Nc4 Ne6 30. Nd6+ Ke7 31. Nf5+ Kf7 32. Nd6+ 1/2-1/2

[Event "Manchester Int"]
[Site "Manchester"]
[Date "1997.09.02"]
[Round "9"]
[White "Shaw, John Kerr"]
[Black "Gormally, Daniel"]
[Result "0-1"]
[WhiteElo "2390"]
[BlackElo "2425"]
[PlyCount "78"]
[EventDate "1997.08.25"]
[EventType "swiss"]
[EventRounds "9"]
[EventCountry "ENG"]
[SourceTitle "BritBase"]
[Source "britbase.info"]
[SourceDate "2021.07.30"]
[SourceVersion "1"]
[SourceVersionDate "2021.07.30"]
[SourceQuality "1"]

1. e4 c5 2. Nc3 Nc6 3. g3 g6 4. Bg2 Bg7 5. d3 d6 6. Be3 Rb8 7. Qd2 b5 8. f4 b4
9. Nd1 e6 10. e5 Nge7 11. Nf3 Nf5 12. Bf2 O-O 13. Ng5 Bb7 14. O-O dxe5 15. Bxc5
Re8 16. Ne4 exf4 17. Qxf4 Ncd4 18. Bxd4 Qxd4+ 19. Kh1 h5 20. Qf2 Qxf2 21. Rxf2
Red8 22. Nd2 Bd5 23. Bxd5 exd5 24. Nb3 Re8 25. Kg2 Re1 26. Kf3 Rbe8 27. c3 a5
28. cxb4 axb4 29. Rc1 Bh6 30. Ra1 Rg1 31. Re2 Rxe2 32. Kxe2 Rg2+ 33. Kf3 Rxh2
34. Nf2 Be3 35. Rf1 Bb6 36. a4 bxa3 37. bxa3 g5 38. a4 g4+ 39. Kf4 Ne3 0-1

[Event "Manchester Int"]
[Site "Manchester"]
[Date "1997.09.02"]
[Round "9"]
[White "Smith, Alan A"]
[Black "Brooke, John"]
[Result "1-0"]
[WhiteElo "2225"]
[BlackElo "2175"]
[PlyCount "59"]
[EventDate "1997.08.25"]
[EventType "swiss"]
[EventRounds "9"]
[EventCountry "ENG"]
[SourceTitle "BritBase"]
[Source "britbase.info"]
[SourceDate "2021.07.30"]
[SourceVersion "1"]
[SourceVersionDate "2021.07.30"]
[SourceQuality "1"]

1. e4 c5 2. Nf3 d6 3. Bb5+ Nd7 4. d4 Ngf6 5. O-O cxd4 6. Qxd4 e6 7. c4 Be7 8.
Bxd7+ Bxd7 9. Nc3 O-O 10. Bg5 Qc7 11. Rac1 a6 12. Rfd1 Rfd8 13. b3 Be8 14. Qd2
Kh8 15. Be3 Ng4 16. Bf4 Qc5 17. h3 Ne5 18. Nd4 Ng6 19. Be3 Qh5 20. f4 Bf6 21.
Rf1 Bc6 22. f5 Nf8 23. Rf3 Be5 24. Nxc6 bxc6 25. g4 Qh4 26. Bg5 Bd4+ 27. Kg2
Bxc3 28. Rfxc3 Qxg5 29. Qxg5 f6 30. Qd2 1-0